| 000 | 01062nam0a22003011 4500 | ||
|---|---|---|---|
| 001 | rc\2370346 | ||
| 005 | 20110829160101.4 | ||
| 035 | _a(NLR Aleph) 006600213 | ||
| 090 |
_a7239774 _c7239774 |
||
| 100 | _a20110829d1976 |||y0rusy50 ca | ||
| 101 | 0 | _arus | |
| 102 | _aRU | ||
| 105 | _ay z ||||| | ||
| 200 | 1 |
_aЗоопланктон и макрозообентос в озерах Латвии _fБалтНИИ рыбного хоз-ва |
|
| 210 |
_aРига _cЗинатне _d1976 |
||
| 215 |
_a162 с. _d21 |
||
| 300 | _aПеред загл. авт.: Д.Р. Вадзис, Р.Я. Лине, З.К. Сейсума | ||
| 320 | _aБиблиогр.: с. 152-161 | ||
| 700 | 1 |
_aВадзис _bД. Р. _f1924- _gДзидра Рудольфовна |
|
| 701 | 1 |
_aЛине _bР. Я. _gРитма Яновна |
|
| 701 | 1 |
_aСейсума _bЗ. К. _gЗинта Карловна |
|
| 801 | 0 |
_aRU _bNLR _gpsbo |
|
| 801 | 1 |
_aRU _bELAR _2rusmarc |
|
| 852 |
_aNLR _j78-3/10 |
||
| 899 |
_aRuMoRGB _jБ 76-6/652 |
||
| 899 |
_aRuMoRGB _jБ 76-6/653 |
||
| 942 | _cBOOK | ||
| 980 | _aNB | ||